| 000 | 01036cam a2200277 a 4500 | ||
|---|---|---|---|
| 005 | 20260322212014.0 | ||
| 008 | data | ||
| 010 | _a 95138956 | ||
| 020 | _a0938586971 (v. 1) | ||
| 020 | _a9780938586975 (v. 1) | ||
| 040 |
_aDLC _cDLC |
||
| 043 | _an-us--- | ||
| 050 | 0 | 0 |
_aHV1441.8.U5 _bK37 1995 |
| 096 | _aWA 306 K37 1995 | ||
| 100 | 1 | _aKarsk, Roger S. | |
| 245 | 1 | 0 |
_aWorking with men's groups / _cRoger S. Karsk & Bill Thomas. |
| 260 |
_aDuluth, Minn. : _bWhole Person Associates, _cc1995- |
||
| 300 |
_av. <1 > : _bill. ; _c23 cm. |
||
| 500 | _a"A portion of this material has been previously published under the same title in 1979 and 1987"--T.p. verso. | ||
| 504 | _aIncludes bibliographical references. | ||
| 505 | 1 | _av. 1. Structured exercises in: consciousness raising, self-discovery, intimacy, parenting | |
| 650 | 0 |
_aSocial work with men _zUnited States _xProblems, exercises, etc. |
|
| 650 | 0 |
_aSocial group work _zUnited States _xProblems, exercises, etc. |
|
| 700 | 1 |
_aThomas, Bill, _d1945 April 20- |
|
| 001 | data | ||
| 999 |
_c292 _d292 |
||